000 00644nam a2200253Ia 4500
003 OSt
005 20221007111103.0
006 a|||||r|||| 00| 0
007 ta
008 221006b |||||||| |||| 00| 0 eng d
024 _a22,536
037 _cTextual
040 _aLCO
_cLCO
_beng
041 _2eng
_aeng
082 _aX724qN61, L6
100 _aSaxena Ashok Kumar
_9232290
245 0 _aIncome Tax Act, 1961
250 _a3rd
260 _aAllahabad
_bCentral Law Agency
_c1976
300 _a459
650 _aINCOME TAX
942 _hX724qN61, L6
_cTEXL
999 _c1192099
_d1192099